[Event "4NCL/Div3/LIT2 vs. OXF3"]
[Site "Daventry ENG"]
[Date "2009.05.03"]
[Round "10.3"]
[White "Ireland, David J"]
[Black "Zhang, Marco"]
[Result "0-1"]
[WhiteElo "1997"]
[BlackElo "1975"]
[PlyCount "144"]
[EventDate "2009.05.03"]
[SourceDate "2008.10.04"]

1. e4 c5 2. Nc3 d6 3. f4 Nc6 4. Nf3 Bg4 5. Bb5 e6 6. Bxc6+ bxc6 7. O-O Ne7 8.
h3 Bxf3 9. Qxf3 Ng6 10. f5 exf5 11. exf5 Ne5 12. Qg3 Qd7 13. d3 f6 14. Ne2 d5
15. Qh4 Bd6 16. d4 Nf7 17. Bf4 O-O-O 18. Qg3 Rde8 19. Rae1 Bxf4 20. Qxf4 Re4
21. Qd2 Nd6 22. dxc5 Nxf5 23. Qa5 Rhe8 24. Qa6+ Kb8 25. Rf3 Nd4 26. Nxd4 Rxe1+
27. Kh2 R8e3 28. Nxc6+ Ka8 29. Rxe3 Rxe3 30. Na5 Re1 31. c6 Qc7+ 32. g3 Re3 33.
Qb7+ Qxb7 34. cxb7+ Kb8 35. Nc6+ Kxb7 36. Nd4 Re4 37. c3 Re1 38. Kg2 Rb1 39. b3
Rc1 40. Ne2 Rc2 41. Kf3 Rxa2 42. g4 a5 43. h4 Rb2 44. Nd4 g6 45. Ke3 Rb1 46.
Ke2 Kc7 47. Ke3 Kd6 48. Kf3 Rh1 49. Kg3 Rd1 50. Kf4 Rd3 51. g5 f5 52. h5 Rd1
53. hxg6 hxg6 54. Ke3 Rg1 55. Nf3 Rg4 56. Kd3 Rg3 57. Ke3 Kc5 58. Kf4 Rh3 59.
Ke3 Kb5 60. Kf4 Rxf3+ 61. Kxf3 a4 62. bxa4+ Kxa4 63. Ke3 Kb3 64. Kd4 f4 65.
Kxd5 f3 66. Ke6 f2 67. Kf6 f1=Q+ 68. Kxg6 Kxc3 69. Kg7 Kd4 70. g6 Ke5 71. Kh8
Qh3+ 72. Kg8 Kf6 0-1

[Event "4NCL/Div3/LIT2 vs. OXF3"]
[Site "Daventry ENG"]
[Date "2009.05.03"]
[Round "10.4"]
[White "Jeffries, Majid"]
[Black "Hewitt, Sean D"]
[Result "0-1"]
[WhiteElo "2001"]
[BlackElo "1955"]
[PlyCount "80"]
[EventDate "2009.05.03"]
[SourceDate "2008.10.04"]

1. Nf3 g6 2. c4 Bg7 3. Nc3 c5 4. g3 Nc6 5. Bg2 e6 6. Ne4 d6 7. O-O Nge7 8. d3
b6 9. Rb1 Rb8 10. Bf4 e5 11. Bg5 O-O 12. Nf6+ Kh8 13. Nd5 f6 14. Nxe7 Nxe7 15.
Bd2 d5 16. cxd5 Nxd5 17. Qa4 Be6 18. a3 Rf7 19. b4 b5 20. Qd1 cxb4 21. axb4 Rc7
22. e4 Nc3 23. Bxc3 Rxc3 24. d4 Bc4 25. Re1 Rd3 26. Qc1 exd4 27. Qf4 Rb6 28. e5
Qf8 29. Bf1 Bh6 30. Qe4 f5 31. Qxd3 Bxd3 32. Bxd3 Qe7 33. Nxd4 Bd2 34. Re2 Bxb4
35. Bxb5 Bc3 36. Nc6 Qc5 37. Nxa7 Bxe5 38. Rbe1 Bd4 39. Bd3 Rb3 40. Bc2 Rc3 0-1

[Event "4NCL/Div3/LIT2 vs. OXF3"]
[Site "Daventry ENG"]
[Date "2009.05.03"]
[Round "10.5"]
[White "Deacon, Paul"]
[Black "Terry, Sean"]
[Result "1/2-1/2"]
[WhiteElo "1930"]
[BlackElo "1865"]
[PlyCount "98"]
[EventDate "2009.05.03"]
[SourceDate "2008.10.04"]

1. e4 Nf6 2. e5 Nd5 3. d4 d6 4. Nf3 Bg4 5. Be2 dxe5 6. Nxe5 Bxe2 7. Qxe2 e6 8.
O-O Be7 9. c4 Nf6 10. Rd1 c6 11. Nc3 O-O 12. Bg5 Nfd7 13. Bxe7 Qxe7 14. Nxd7
Qxd7 15. Rd3 Na6 16. Rad1 Rae8 17. Rh3 g6 18. Ne4 f6 19. f4 Qc7 20. Rf1 Qd7 21.
Qf2 Rd8 22. Rd1 Qg7 23. Qe3 c5 24. d5 exd5 25. Nxc5 dxc4 26. Rxd8 Rxd8 27. Nxa6
bxa6 28. Qe6+ Kf8 29. Re3 Qf7 30. Qxa6 Qc7 31. Qxf6+ Kg8 32. Qe6+ Qf7 33. Qxf7+
Kxf7 34. Re2 Rd1+ 35. Kf2 Ra1 36. b3 cxb3 37. axb3 h5 38. h3 a5 39. g4 hxg4 40.
hxg4 a4 41. bxa4 Rxa4 42. Kg3 Kf6 43. Rc2 Ra6 44. Rc5 Rb6 45. Kf3 Rb3+ 46. Ke4
Rb4+ 47. Ke3 Ra4 48. Rc6+ Kf7 49. Rd6 g5 1/2-1/2

[Event "4NCL/Div3/LIT2 vs. OXF3"]
[Site "Daventry ENG"]
[Date "2009.05.03"]
[Round "10.6"]
[White "Henbest, Kevin B"]
[Black "Mapletoft, Alexander J"]
[Result "0-1"]
[WhiteElo "1795"]
[BlackElo "1925"]
[PlyCount "88"]
[EventDate "2009.05.03"]
[SourceDate "2008.10.04"]

1. e4 e5 2. Nf3 Nc6 3. Bb5 a6 4. Ba4 Nf6 5. O-O Be7 6. d4 b5 7. Bb3 d6 8. a4 b4
9. a5 Bg4 10. Qd3 Bxf3 11. gxf3 Nxd4 12. Ba4+ Nd7 13. c3 bxc3 14. bxc3 Ne6 15.
Bc6 Nec5 16. Qc4 Rb8 17. Be3 O-O 18. Bxd7 Nxd7 19. Qxa6 f5 20. Qc4+ Kh8 21.
exf5 Rxf5 22. Qg4 Rf6 23. Kh1 Rg6 24. Qh3 Nf6 25. Nd2 Nd5 26. Rg1 Qe8 27. Ne4
Qf7 28. Rxg6 Qxg6 29. Rg1 Qf7 30. Bg5 Nf4 31. Qg4 Bxg5 32. Nxg5 Qe7 33. a6 h6
34. Ne4 d5 35. Nc5 Ne2 36. Nd7 Nxg1 37. Nxb8 Ne2 38. Qc8+ Kh7 39. Qf5+ Kh8 40.
Qd3 Nf4 41. Qf1 Qc5 42. a7 Qxa7 43. Nc6 Qc5 44. Nxe5 Qxc3 0-1

[Event "4NCL/Div3/ICENI vs. NOTT1"]
[Site "Daventry ENG"]
[Date "2009.05.03"]
[Round "10.1"]
[White "Reynolds, D Ian"]
[Black "Richmond, Robert J"]
[Result "1/2-1/2"]
[WhiteElo "2095"]
[BlackElo "2211"]
[PlyCount "70"]
[EventDate "2009.05.03"]
[SourceDate "2008.10.04"]

1. e4 e6 2. d4 d5 3. Nd2 Nf6 4. e5 Nfd7 5. Bd3 c5 6. c3 Nc6 7. Ne2 cxd4 8. cxd4
f6 9. exf6 Nxf6 10. Nf3 Bd6 11. O-O O-O 12. a3 Qb6 13. b4 e5 14. dxe5 Nxe5 15.
Ned4 Nxf3+ 16. Nxf3 Bg4 17. Be2 Rad8 18. Be3 Qc7 19. h3 Bh5 20. Rc1 Qb8 21. Nd4
Bxe2 22. Qxe2 Rfe8 23. Qd3 Bh2+ 24. Kh1 Bf4 25. Rce1 Bxe3 26. Rxe3 Rxe3 27.
Qxe3 Re8 28. Qd3 Qf4 29. Nf3 Qc4 30. Rd1 b5 31. Kg1 Re2 32. Qd4 Qc2 33. Rf1 Qc7
34. Qd3 Qc4 35. Qd4 Qc7 1/2-1/2

[Event "4NCL/Div3/ICENI vs. NOTT1"]
[Site "Daventry ENG"]
[Date "2009.05.03"]
[Round "10.2"]
[White "Walker, Andrew N"]
[Black "Lunn, Timothy"]
[Result "1/2-1/2"]
[WhiteElo "2096"]
[BlackElo "2055"]
[PlyCount "74"]
[EventDate "2009.05.03"]
[SourceDate "2008.10.04"]

1. e4 c5 2. Nc3 Nc6 3. g3 g6 4. Bg2 Bg7 5. d3 d6 6. Be3 Nf6 7. h3 O-O 8. Qd2
Nd4 9. Nce2 e5 10. c3 Nxe2 11. Nxe2 Rb8 12. O-O b6 13. f4 Bb7 14. g4 exf4 15.
Bxf4 Qd7 16. Bh6 Bxh6 17. Qxh6 Qe7 18. Qh4 Kg7 19. Ng3 Nd5 20. Qxe7 Nxe7 21.
Rf2 Nc6 22. Rd1 Rfe8 23. d4 cxd4 24. cxd4 Rbc8 25. Rdd2 Ba6 26. Ne2 Nb4 27. a3
Rc2 28. Nc3 Rc1+ 29. Rd1 Rxd1+ 30. Nxd1 Nd3 31. Rd2 Nf4 32. Nf2 Rc8 33. Bf3
Rc1+ 34. Kh2 h6 35. Bd1 Bf1 36. Rc2 Rb1 37. Rd2 Rc1 1/2-1/2

[Event "4NCL/Div3/ICENI vs. NOTT1"]
[Site "Daventry ENG"]
[Date "2009.05.03"]
[Round "10.3"]
[White "Feavyour, John"]
[Black "Truman, Richard G"]
[Result "1-0"]
[WhiteElo "2057"]
[BlackElo "2027"]
[PlyCount "41"]
[EventDate "2009.05.03"]
[SourceDate "2008.10.04"]

1. d4 Nf6 2. c4 g6 3. Nc3 d5 4. Bf4 Bg7 5. e3 O-O 6. cxd5 Nxd5 7. Nxd5 Qxd5 8.
Bxc7 Nc6 9. Ne2 Bg4 10. f3 Rac8 11. Nc3 Qe6 12. Bf4 Bh5 13. d5 Bxc3+ 14. bxc3
Qf6 15. dxc6 Qxc3+ 16. Kf2 Rfd8 17. cxb7 Rxd1 18. bxc8=Q+ Qxc8 19. Rxd1 Qc2+
20. Be2 Kg7 21. g4 1-0

[Event "4NCL/Div3/ICENI vs. NOTT1"]
[Site "Daventry ENG"]
[Date "2009.05.03"]
[Round "10.4"]
[White "Levens, David"]
[Black "Botham, Paul"]
[Result "1/2-1/2"]
[WhiteElo "1998"]
[BlackElo "2042"]
[PlyCount "100"]
[EventDate "2009.05.03"]
[SourceDate "2008.10.04"]

1. e4 Nf6 2. e5 Nd5 3. d4 d6 4. Nf3 g6 5. Bc4 Nb6 6. Bb3 Bg7 7. Qe2 d5 8. h3
Nc6 9. c3 O-O 10. O-O Bf5 11. Bf4 Na5 12. Bc2 Bxc2 13. Qxc2 Qd7 14. b3 Rac8 15.
Qd2 Nc6 16. Na3 f5 17. c4 Nd8 18. c5 Na8 19. Nc2 c6 20. b4 Nc7 21. a4 a6 22.
Rfb1 Nde6 23. Ra3 Ra8 24. Rab3 Nxf4 25. Qxf4 e6 26. Na3 Ra7 27. b5 axb5 28.
axb5 Nxb5 29. Nxb5 cxb5 30. Rxb5 Rf7 31. Rb6 Bf8 32. Qc1 Qc8 33. Ne1 Rc7 34.
Qb2 Kf7 35. Nc2 Qa8 36. Ra1 Rxa1+ 37. Qxa1 Qxa1+ 38. Nxa1 Bh6 39. Nb3 Ke7 40.
Na5 Bd2 41. Nxb7 Bc3 42. Kf1 g5 43. g3 f4 44. gxf4 gxf4 45. Ke2 Bxd4 46. Kd3
Bxe5 47. c6 Bf6 48. Na5 e5 49. f3 Kd6 50. Nb7+ Ke7 1/2-1/2

[Event "4NCL/Div3/ICENI vs. NOTT1"]
[Site "Daventry ENG"]
[Date "2009.05.03"]
[Round "10.5"]
[White "Donaghay, Richard"]
[Black "Kingston, Ian"]
[Result "1/2-1/2"]
[WhiteElo "1966"]
[BlackElo "2037"]
[PlyCount "53"]
[EventDate "2009.05.03"]
[SourceDate "2008.10.04"]

1. e4 e5 2. Bc4 Nf6 3. d3 Nc6 4. Nc3 Bb4 5. Bd2 d6 6. Nge2 Be6 7. Bb5 d5 8. d4
Bxc3 9. Bxc3 Nxe4 10. dxe5 O-O 11. f4 Qh4+ 12. g3 Qh5 13. Ng1 Nxg3 14. Qxh5
Nxh5 15. Bd2 g6 16. Ne2 f6 17. Bxc6 bxc6 18. Nd4 Bd7 19. e6 Bxe6 20. Nxc6 Bg4
21. Kf2 Rfe8 22. Rhe1 Be6 23. Kf3 Kf7 24. Ba5 Ng7 25. Nd4 c5 26. Nb5 Rab8 27.
Nd6+ 1/2-1/2

[Event "4NCL/Div3/ICENI vs. NOTT1"]
[Site "Daventry ENG"]
[Date "2009.05.03"]
[Round "10.6"]
[White "Thompson, Brian"]
[Black "Szymanski, Mark"]
[Result "1/2-1/2"]
[WhiteElo "1953"]
[BlackElo "1985"]
[PlyCount "51"]
[EventDate "2009.05.03"]
[SourceDate "2008.10.04"]

1. d4 Nf6 2. Nf3 d5 3. e3 Bf5 4. Bd3 e6 5. O-O Bd6 6. c4 Bxd3 7. Qxd3 c6 8. Nc3
O-O 9. Re1 Nbd7 10. e4 dxe4 11. Nxe4 Be7 12. Be3 Nxe4 13. Qxe4 Bf6 14. Rad1 Qa5
15. a3 Rfe8 16. Ne5 Nxe5 17. dxe5 Qxe5 18. Qxe5 Bxe5 19. Rd2 Bf6 20. Red1 b6
21. Bd4 Bg5 22. Be3 Bxe3 23. fxe3 Kf8 24. Rd7 Re7 25. Rd8+ Re8 26. R8d7 1/2-1/2

[Event "4NCL/Div3/SCS vs. WOB"]
[Site "Daventry ENG"]
[Date "2009.05.03"]
[Round "10.1"]
[White "Baptie, Justin P"]
[Black "Kanike, Uday Kumar"]
[Result "1-0"]
[WhiteElo "2101"]
[BlackElo "2050"]
[PlyCount "121"]
[EventDate "2009.05.03"]
[SourceDate "2008.10.04"]

1. e4 c5 2. Nf3 Nc6 3. d4 cxd4 4. Nxd4 d6 5. Nc3 Nf6 6. Bg5 Qa5 7. Bb5 Bd7 8.
Nb3 Qb6 9. Be3 Qc7 10. O-O e6 11. f4 Be7 12. a4 O-O 13. Be2 Na5 14. e5 dxe5 15.
fxe5 Nxb3 16. exf6 Bxf6 17. cxb3 Be5 18. h3 Bc6 19. Bf3 Rad8 20. Qe2 Bxf3 21.
Rxf3 Bxc3 22. bxc3 Qxc3 23. Rc1 Qe5 24. Qf2 b6 25. Re1 Qd5 26. Bc1 Rd7 27. Rf1
f6 28. Rg3 Rc7 29. Ba3 Rff7 30. Qf3 Qe5 31. Qe3 Qd5 32. Qd3 Rcd7 33. Qxd5 Rxd5
34. Rc3 Rfd7 35. Rfc1 Kf7 36. Rc7 e5 37. Rxd7+ Rxd7 38. Rc3 f5 39. Kf2 e4 40.
Bc1 h6 41. h4 Ke6 42. Bf4 Kd5 43. Rc7 Rxc7 44. Bxc7 g5 45. hxg5 hxg5 46. Bd8
Kd4 47. Bxg5 Kc3 48. Ke3 Kxb3 49. Kf4 e3 50. Kxe3 Kxa4 51. Kf4 b5 52. Kxf5 b4
53. Bf6 Kb5 54. g4 Kc6 55. Ke6 a5 56. g5 a4 57. g6 a3 58. g7 b3 59. g8=Q b2 60.
Bxb2 axb2 61. Qg2+ 1-0

[Event "4NCL/Div3/SCS vs. WOB"]
[Site "Daventry ENG"]
[Date "2009.05.03"]
[Round "10.2"]
[White "Vaughan, David"]
[Black "Fonseca, Antonio"]
[Result "1/2-1/2"]
[WhiteElo "2040"]
[BlackElo "1875"]
[PlyCount "51"]
[EventDate "2009.05.03"]
[SourceDate "2008.10.04"]

1. e4 e5 2. Nf3 Nc6 3. Bc4 Bc5 4. c3 Nf6 5. d4 exd4 6. cxd4 Bb4+ 7. Bd2 Nxe4 8.
Bxb4 Nxb4 9. Bxf7+ Kxf7 10. Qb3+ d5 11. Qxb4 Rf8 12. O-O a5 13. Qb3 Kg8 14.
Nbd2 Nxd2 15. Nxd2 a4 16. Qg3 Ra6 17. Rfc1 Rf7 18. Re1 Rg6 19. Qa3 Bd7 20. Re5
Qh4 21. Qe3 c6 22. Re1 Qg4 23. g3 Rgf6 24. f3 Qh3 25. Re7 h5 26. Rxf7 1/2-1/2

[Event "4NCL/Div3/SCS vs. WOB"]
[Site "Daventry ENG"]
[Date "2009.05.03"]
[Round "10.3"]
[White "Bogoda, Sagara T"]
[Black "Zhu, Yao Yao"]
[Result "1/2-1/2"]
[WhiteElo "1870"]
[BlackElo "1997"]
[PlyCount "40"]
[EventDate "2009.05.03"]
[SourceDate "2008.10.04"]

1. d4 d5 2. c4 e6 3. Nc3 f5 4. e3 Nf6 5. Nf3 c6 6. Bd3 Bd6 7. O-O O-O 8. Nd2
Ne4 9. f4 Nd7 10. Nf3 Ndf6 11. Qc2 b6 12. b3 Bb7 13. Bb2 Ng4 14. Qe2 Rf6 15.
Bxe4 dxe4 16. Ng5 Rg6 17. Nh3 Qh4 18. Nd1 Rf8 19. Bc3 Qe7 20. Nhf2 h5 1/2-1/2

[Event "4NCL/Div3/SCS vs. WOB"]
[Site "Daventry ENG"]
[Date "2009.05.03"]
[Round "10.4"]
[White "Davies, Matthew"]
[Black "Lutton, J Arnold"]
[Result "1-0"]
[WhiteElo "1943"]
[BlackElo "1847"]
[PlyCount "97"]
[EventDate "2009.05.03"]
[SourceDate "2008.10.04"]

1. d4 d5 2. c4 e6 3. Nc3 Nf6 4. cxd5 Nxd5 5. e4 Nf6 6. Bg5 Be7 7. Nf3 O-O 8.
Bd3 b6 9. Qc2 h6 10. Bh4 Bb7 11. Rd1 Nbd7 12. O-O Nh5 13. Bxe7 Qxe7 14. Qd2
Rfd8 15. Qe3 Qf6 16. Bb1 Qf4 17. Qe2 Nf8 18. Nd2 Qg5 19. Nf3 Qg4 20. h3 Qf4 21.
g3 Qf6 22. Nh2 g6 23. Qe3 Qg5 24. Qf3 Nh7 25. h4 Qe7 26. Qe3 Kg7 27. Ng4 g5 28.
e5 Rh8 29. Ne4 Raf8 30. d5 f5 31. exf6+ N5xf6 32. Ngxf6 Nxf6 33. hxg5 Nxd5 34.
gxh6+ Rxh6 35. Qd4+ e5 36. Qc4 Rfh8 37. Qc1 Rg6 38. f3 Qh4 39. Kf2 Qh2+ 40. Ke1
Rd8 41. Rf2 Qh1+ 42. Rf1 Qh5 43. Rxd5 Rc6 44. Qxc6 Bxc6 45. Rxd8 Bb5 46. Bd3
Bc6 47. Bc4 Qh6 48. Rg8+ Kh7 49. Ng5+ 1-0

[Event "4NCL/Div3/SCS vs. WOB"]
[Site "Daventry ENG"]
[Date "2009.05.03"]
[Round "10.5"]
[White "Hardy-Wallace, Daniel"]
[Black "Griffiths, Hywel"]
[Result "0-1"]
[WhiteElo "1820"]
[BlackElo "1810"]
[PlyCount "84"]
[EventDate "2009.05.03"]
[SourceDate "2008.10.04"]

1. e4 c5 2. Nf3 Nc6 3. Bb5 g6 4. c3 Bg7 5. d4 cxd4 6. cxd4 d5 7. e5 Bg4 8. Nc3
e6 9. O-O Nge7 10. Re1 a6 11. Bxc6+ Nxc6 12. Be3 O-O 13. h3 Bxf3 14. Qxf3 Rc8
15. Rad1 b5 16. Qe2 Na5 17. f4 Nc4 18. Bf2 Qd7 19. Nb1 Rc7 20. b3 Nb6 21. Rc1
Rfc8 22. Qe3 Rc2 23. Rxc2 Rxc2 24. Re2 Qc7 25. Kh2 Bh6 26. Bg3 Rxe2 27. Qxe2
Qc1 28. Nd2 Qc2 29. a3 Bf8 30. Qe3 Bxa3 31. Nf3 a5 32. Ne1 Qe4 33. Qf2 a4 34.
Nc2 Bb2 35. bxa4 bxa4 36. Qd2 Nc4 37. Qb4 Qxc2 38. Qb8+ Kg7 39. Qd8 Qf5 40. Qa8
Ne3 41. Qa6 Qe4 42. Qe2 Bxd4 0-1

[Event "4NCL/Div3/SCS vs. WOB"]
[Site "Daventry ENG"]
[Date "2009.05.03"]
[Round "10.6"]
[White "Smith, Steve"]
[Black "Bogoda, Nathasha"]
[Result "0-1"]
[WhiteElo "1638"]
[BlackElo "1600"]
[PlyCount "98"]
[EventDate "2009.05.03"]
[SourceDate "2008.10.04"]

1. e4 e6 2. d4 d5 3. e5 c5 4. c3 Qb6 5. Nf3 Nc6 6. a3 cxd4 7. cxd4 Nge7 8. b4
a6 9. Bb2 g6 10. Nc3 Bg7 11. Rc1 O-O 12. Na4 Qd8 13. Bd3 f6 14. exf6 Bxf6 15.
O-O Nf5 16. Bb1 Nd6 17. Ba2 Ne4 18. Re1 Ng5 19. Nxg5 Bxg5 20. Rc2 Bf6 21. Nc5
Qd6 22. Rce2 Re8 23. g3 b6 24. Nb3 Bb7 25. Re3 Rad8 26. Bb1 Re7 27. Qe2 Rde8
28. Bd3 Nb8 29. Nd2 b5 30. Nf3 Nc6 31. Ne5 Bxe5 32. dxe5 Qd7 33. Bb1 Rf7 34.
Qd2 Rd8 35. Bd4 Rdf8 36. R3e2 Nxd4 37. Qxd4 Qc6 38. Rc2 Qd7 39. Ree2 Rc8 40.
Rxc8+ Qxc8 41. Rc2 Rc7 42. Qd3 Rxc2 43. Qxc2 Qc4 44. Qb2 d4 45. Ba2 Qc6 46. Kf1
Qh1+ 47. Ke2 Bf3+ 48. Kd3 Qd1+ 49. Qd2 Be2+ 0-1

[Event "4NCL/Div3/NOTT2 vs. LIT3"]
[Site "Daventry ENG"]
[Date "2009.05.03"]
[Round "10.1"]
[White "Combie, Alexander"]
[Black "Turvey, Steven"]
[Result "1-0"]
[WhiteElo "1944"]
[BlackElo "1915"]
[PlyCount "75"]
[EventDate "2009.05.03"]
[SourceDate "2008.10.04"]

1. d4 d5 2. c4 c6 3. Nf3 Nf6 4. Nc3 Bf5 5. Qb3 Qb6 6. c5 Qc7 7. Bf4 Qc8 8. h3
h6 9. e3 e6 10. Qd1 Be7 11. Bd3 Bxd3 12. Qxd3 Nh5 13. Bh2 Nd7 14. O-O f5 15. g4
fxg4 16. Qg6+ Kf8 17. Qxh5 Nf6 18. Qe5 gxf3 19. Qg3 Qe8 20. Qxf3 Qh5 21. Qxh5
Nxh5 22. b4 a6 23. a4 Kf7 24. b5 axb5 25. axb5 Nf6 26. b6 Nd7 27. Rfb1 Bf6 28.
Ra7 Nxc5 29. dxc5 Bxc3 30. Rxb7+ Kf6 31. Rc7 Ra1 32. Rxa1 Bxa1 33. Rxc6 Be5 34.
Bxe5+ Kxe5 35. b7 Rb8 36. Rc7 d4 37. exd4+ Kxd4 38. c6 1-0

[Event "4NCL/Div3/NOTT2 vs. LIT3"]
[Site "Daventry ENG"]
[Date "2009.05.03"]
[Round "10.2"]
[White "Farrall, David J"]
[Black "Taylor, Robert P"]
[Result "1/2-1/2"]
[WhiteElo "1970"]
[BlackElo "1956"]
[PlyCount "90"]
[EventDate "2009.05.03"]
[SourceDate "2008.10.04"]

1. d4 d5 2. Nf3 Bf5 3. e3 Nf6 4. Bd3 Ne4 5. O-O Nd7 6. c4 c6 7. Nc3 e6 8. Qc2
Ndf6 9. Ne5 Qc8 10. f3 Nxc3 11. bxc3 Bxd3 12. Qxd3 Be7 13. e4 O-O 14. Bg5 Qd8
15. Rab1 Qc7 16. Bxf6 Bxf6 17. Ng4 Bg5 18. Rfe1 Rac8 19. c5 b6 20. cxb6 axb6
21. Rb2 Ra8 22. g3 h5 23. Ne5 c5 24. exd5 exd5 25. Qf5 Bf6 26. Nd7 Rfe8 27.
Nxf6+ gxf6 28. Rxe8+ Rxe8 29. Qxd5 h4 30. Kg2 hxg3 31. hxg3 cxd4 32. Qxd4 Re6
33. Rd2 Kg7 34. Qg4+ Kf8 35. Qb4+ Kg7 36. Rd4 f5 37. Rd2 Rg6 38. Qd4+ Kh7 39.
Qh4+ Kg7 40. Rd8 Rh6 41. Qd4+ Rf6 42. c4 Qe7 43. Kf2 Qa3 44. Qd2 Qc5+ 45. Qd4
Qa3 1/2-1/2

[Event "4NCL/Div3/NOTT2 vs. LIT3"]
[Site "Daventry ENG"]
[Date "2009.05.03"]
[Round "10.3"]
[White "Cranmer, Stan"]
[Black "Jones, Michael"]
[Result "1-0"]
[WhiteElo "1890"]
[BlackElo "1835"]
[PlyCount "143"]
[EventDate "2009.05.03"]
[SourceDate "2008.10.04"]

1. d4 Nf6 2. e3 e6 3. Bd3 d5 4. Nd2 c5 5. c3 c4 6. Bc2 b5 7. a3 Bb7 8. f4 Bd6
9. Ngf3 h6 10. O-O O-O 11. Ne5 Nbd7 12. Qf3 a5 13. e4 dxe4 14. Nxe4 Nxe4 15.
Bxe4 Bxe4 16. Qxe4 Nxe5 17. fxe5 Be7 18. Qg4 Bg5 19. Rf3 Bxc1 20. Rxc1 Qg5 21.
Qxg5 hxg5 22. Rg3 f6 23. exf6 gxf6 24. h4 Kf7 25. hxg5 Rg8 26. Rf1 f5 27. d5
exd5 28. Rxf5+ Ke6 29. Rf6+ Kd7 30. g6 Ke7 31. Rf7+ Kd6 32. Kf2 Raf8 33. Rgf3
Re8 34. g7 Re7 35. Rxe7 Kxe7 36. Rg3 Kf7 37. Kf3 d4 38. cxd4 b4 39. axb4 axb4
40. Ke4 Re8+ 41. Kd5 c3 42. bxc3 b3 43. Rf3+ Kxg7 44. Rf2 Rc8 45. c4 Rb8 46.
Rb2 Rd8+ 47. Ke4 Rb8 48. Kd3 Kf6 49. c5 Ke6 50. Kc4 Rg8 51. Re2+ Kd7 52. Kxb3
Kc6 53. Kc4 Rg4 54. Rf2 Kd7 55. Ra2 Kc6 56. Rd2 Re4 57. Rd3 Rg4 58. g3 Re4 59.
Rf3 Rg4 60. Rf4 Rxg3 61. d5+ Kc7 62. Rf7+ Kc8 63. Kb5 Kb8 64. d6 Rg8 65. Kb6
Ka8 66. c6 Rb8+ 67. Kc7 Rc8+ 68. Kd7 Rg8 69. Ke7 Kb8 70. Rf8+ Rxf8 71. Kxf8 Kc8
72. Ke7 1-0

[Event "4NCL/Div3/NOTT2 vs. LIT3"]
[Site "Daventry ENG"]
[Date "2009.05.03"]
[Round "10.4"]
[White "Harrison, Peter K"]
[Black "Graham, Neil"]
[Result "1/2-1/2"]
[WhiteElo "1680"]
[BlackElo "1925"]
[PlyCount "30"]
[EventDate "2009.05.03"]
[SourceDate "2008.10.04"]

1. d4 Nf6 2. c4 e5 3. e3 exd4 4. exd4 Bb4+ 5. Bd2 Qe7+ 6. Qe2 Qxe2+ 7. Bxe2 Nc6
8. Nf3 O-O 9. O-O Bxd2 10. Nbxd2 d6 11. a3 Re8 12. Bd3 Bd7 13. Rfe1 Rxe1+ 14.
Rxe1 Re8 15. Rxe8+ Bxe8 1/2-1/2

[Event "4NCL/Div3/NOTT2 vs. LIT3"]
[Site "Daventry ENG"]
[Date "2009.05.03"]
[Round "10.5"]
[White "Hill, Maurice J"]
[Black "Dean, Michael"]
[Result "1-0"]
[WhiteElo "1870"]
[BlackElo "1735"]
[Annotator ",MalcolmArmstrong"]
[PlyCount "76"]
[EventDate "2009.05.03"]
[SourceDate "2008.10.04"]

1. g3 Nf6 2. Bg2 g6 3. c4 Bg7 4. Nc3 O-O 5. d3 d6 6. e4 e5 7. Nge2 Nc6 8. O-O
Be6 9. h3 Qd7 10. Kh2 Nh5 11. g4 Nf6 12. f3 h5 13. Nd5 Bxd5 14. cxd5 Ne7 15. g5
Nh7 16. Be3 c6 17. dxc6 Nxc6 18. Nc3 f6 19. h4 fxg5 20. hxg5 Qd8 21. Qd2 Nd4
22. Nd5 Ne6 23. Rac1 Nhxg5 24. Qb4 b6 25. Rc2 Nf4 26. Bxf4 exf4 27. Rc6 Nf7 28.
Rc2 Qh4+ 29. Kg1 Kh7 30. Rfc1 Ne5 31. Qd2 Qg3 32. Qe2 Nf7 33. Kf1 Bd4 34. Rc4
Be5 35. a4 h4 36. d4 Bg7 37. R1c2 h3 38. Bh1 h2 {time} 1-0

[Event "4NCL/Div3/NOTT2 vs. LIT3"]
[Site "Daventry ENG"]
[Date "2009.05.03"]
[Round "10.6"]
[White "Ricketts, David"]
[Black "Willoughby, Robert"]
[Result "0-1"]
[WhiteElo "1570"]
[BlackElo "1810"]
[PlyCount "48"]
[EventDate "2009.05.03"]
[SourceDate "2008.10.04"]

1. e4 c5 2. Nc3 d6 3. f4 Nc6 4. Nf3 g6 5. Bb5 Bg7 6. Nd5 e6 7. Ne3 Bd7 8. c3 a6
9. Be2 Rc8 10. O-O Nge7 11. d3 b5 12. Ng4 h5 13. Ne3 Qc7 14. Nh4 d5 15. f5 exf5
16. exf5 Be5 17. fxg6 Bxh2+ 18. Kh1 fxg6 19. Rf6 Be5 20. Rf1 Be6 21. Nf3 Kd7
22. Nxe5+ Nxe5 23. Rg1 Ng4 24. Nf1 Nf2# 0-1

[Event "4NCL/Div3/AMCAH vs. HAL"]
[Site "Daventry ENG"]
[Date "2009.05.03"]
[Round "10.1"]
[White "Marley, Andrew"]
[Black "Pugh, Glyn D"]
[Result "0-1"]
[WhiteElo "1805"]
[BlackElo "2045"]
[PlyCount "46"]
[EventDate "2009.05.03"]
[SourceDate "2008.10.04"]

1. d4 Nf6 2. c4 g6 3. Nf3 Bg7 4. g3 O-O 5. Bg2 c5 6. O-O cxd4 7. Nxd4 Qc7 8.
Nd2 a6 9. e4 d6 10. Qc2 Ng4 11. N2f3 b5 12. Bd2 bxc4 13. Rac1 Bb7 14. b3 Qb6
15. Qxc4 Bxe4 16. Qa4 Qb7 17. Ne1 Bxg2 18. Nxg2 Ne5 19. Ne3 Nbd7 20. f4 Nb6 21.
Qa5 Nd3 22. Rc3 Bxd4 23. Rxd3 Qe4 0-1

[Event "4NCL/Div3/AMCAH vs. HAL"]
[Site "Daventry ENG"]
[Date "2009.05.03"]
[Round "10.2"]
[White "Lee, Darren"]
[Black "Periasamymanjula, Mani"]
[Result "0-1"]
[WhiteElo "1950"]
[BlackElo "1722"]
[PlyCount "60"]
[EventDate "2009.05.03"]
[SourceDate "2008.10.04"]

1. d4 Nf6 2. c4 c5 3. d5 b5 4. cxb5 a6 5. bxa6 g6 6. Nc3 Bg7 7. g3 d6 8. Bg2
O-O 9. Nf3 Bxa6 10. O-O Nbd7 11. Bd2 Qc7 12. Rb1 Rfb8 13. b3 Nb6 14. Bc1 Rb7
15. Bb2 Rab8 16. Re1 Nbd7 17. Qc2 c4 18. Nd2 cxb3 19. Nxb3 Nc5 20. Nxc5 Qxc5
21. Ba1 Ng4 22. Rbc1 Qxf2+ 23. Kh1 Bh6 24. Ne4 Qb6 25. Qc3 f6 26. Rc2 Qa7 27.
Rb2 Rxb2 28. Bxb2 Rc8 29. Qf3 f5 30. Nc3 Nf2+ 0-1

[Event "4NCL/Div3/AMCAH vs. HAL"]
[Site "Daventry ENG"]
[Date "2009.05.03"]
[Round "10.3"]
[White "Malhotra, Tarun"]
[Black "Asbury, Jon A"]
[Result "1-0"]
[WhiteElo "1730"]
[BlackElo "1865"]
[PlyCount "41"]
[EventDate "2009.05.03"]
[SourceDate "2008.10.04"]

1. e4 e6 2. d4 d5 3. e5 c5 4. c3 Nc6 5. Nf3 Qb6 6. Bd3 cxd4 7. cxd4 Bd7 8. Bc2
Nb4 9. O-O Nxc2 10. Qxc2 Rc8 11. Nc3 Ne7 12. Be3 Nf5 13. Rab1 Be7 14. Qd2 Nxe3
15. fxe3 O-O 16. Rf2 f6 17. Rbf1 fxe5 18. Nxe5 Rxf2 19. Qxf2 Rf8 20. Qxf8+ Bxf8
21. Rxf8+ 1-0

[Event "4NCL/Div3/AMCAH vs. HAL"]
[Site "Daventry ENG"]
[Date "2009.05.03"]
[Round "10.4"]
[White "Doran, Michael J"]
[Black "Ward, Matthew J"]
[Result "1-0"]
[WhiteElo "1872"]
[BlackElo "1760"]
[PlyCount "33"]
[EventDate "2009.05.03"]
[SourceDate "2008.10.04"]

1. e4 e6 2. d4 d5 3. e5 c5 4. c3 Nc6 5. Nf3 Bd7 6. a3 Qb6 7. b4 cxd4 8. cxd4
Nge7 9. Bb2 Ng6 10. h4 f6 11. h5 Nge7 12. Bd3 O-O-O 13. Nc3 Nxd4 14. Nxd4 Qxd4
15. exf6 Qxf6 16. Qc2 Kb8 17. Nxd5 1-0

[Event "4NCL/Div3/AMCAH vs. HAL"]
[Site "Daventry ENG"]
[Date "2009.05.03"]
[Round "10.5"]
[White "Pritchard, Abigail"]
[Black "Peck, Windsor W"]
[Result "1-0"]
[WhiteElo "1590"]
[BlackElo "1845"]
[PlyCount "69"]
[EventDate "2009.05.03"]
[SourceDate "2008.10.04"]

1. e4 e6 2. d4 d5 3. Nc3 Nf6 4. Bg5 Be7 5. Bxf6 Bxf6 6. Nf3 Nd7 7. exd5 Nb6 8.
Bb5+ Kf8 9. dxe6 Bxe6 10. h3 c6 11. Be2 Nd5 12. Ne4 Be7 13. O-O Rb8 14. c3 f5
15. Ng3 Qc7 16. Ne5 Bd6 17. f4 Ne3 18. Qd3 Nxf1 19. Nxf5 Bxe5 20. fxe5 Bxf5 21.
Qxf5+ Qf7 22. Qd3 Ke7 23. Rxf1 Qe6 24. Qg3 Rhg8 25. Qg5+ Ke8 26. Bh5+ g6 27.
Rf6 Qxa2 28. Bg4 Rg7 29. Re6+ Kf8 30. Rf6+ Ke8 31. Be6 Qxb2 32. Qh6 Qxc3 33.
Qxg7 Qxd4+ 34. Rf2 Kd8 35. Kh2 1-0